Effect of feeding different level of black cumin on performance of japanese quail / (Record no. 17669)

MARC details
000 -LEADER
fixed length control field 01109nam a22002777a 4500
001 - CONTROL NUMBER
control field BD-DhSAU
003 - CONTROL NUMBER IDENTIFIER
control field BD-DhSAU
005 - DATE AND TIME OF LATEST TRANSACTION
control field 20241106123928.0
008 - FIXED-LENGTH DATA ELEMENTS--GENERAL INFORMATION
fixed length control field 150420b2005 bg ||||| m||| 00| 0 eng d
040 ## - CATALOGING SOURCE
Original cataloging agency BD-DhSAU
082 ## - DEWEY DECIMAL CLASSIFICATION NUMBER
Edition number 22
Classification number 636.085
Item number Uz9
100 ## - MAIN ENTRY--PERSONAL NAME
Personal name HOSSEN, UZZAL
Relator term Registration No. # 15-06788
245 ## - TITLE STATEMENT
Title Effect of feeding different level of black cumin<br/>on performance of japanese quail /<br/><br/>
Remainder of title MS thesis
260 ## - PUBLICATION, DISTRIBUTION, ETC. (IMPRINT)
Place of publication, distribution, etc. Sher-e-Bangla Agricultural University:
Name of publisher, distributor, etc. Department of Animal nutrition, genetics and breeding,
Date of publication, distribution, etc. 2023.
300 ## - PHYSICAL DESCRIPTION
Extent xii, 69p. ;
Dimensions 30 cm.
500 ## - GENERAL NOTE
General note MS thesis of Department of animal nutrition, genetics and <br/>breeding, Faculty of Animal Science, Sher-e-Bangla Agricultural University, Dhaka, Bangladesh
504 ## - BIBLIOGRAPHY, ETC. NOTE
Bibliography, etc Includes bibliographical reference.
590 ## - Name of Cataloguer
Name of Cataloger Nazmul
650 ## - SUBJECT ADDED ENTRY--TOPICAL TERM
Topical term or geographic name as entry element feeding different level
651 ## - SUBJECT ADDED ENTRY--GEOGRAPHIC NAME
Geographic name black cumin
654 ## - SUBJECT ADDED ENTRY--FACETED TOPICAL TERM
Focus term japanese quail
700 ## - ADDED ENTRY--PERSONAL NAME
Personal name Prof. Dr. Mofassara Akter
Relator term Superviser
700 ## - ADDED ENTRY--PERSONAL NAME
Personal name Associate Prof. Dr. Al-Nur Md. Iftekhar Rahman
Relator term Co-superviser
942 ## - ADDED ENTRY ELEMENTS (KOHA)
Source of classification or shelving scheme Dewey Decimal Classification
Koha item type MS Level Thesis
Holdings
Withdrawn status Lost status Source of classification or shelving scheme Damaged status Not for loan Collection code Home library Branch Name Date acquired Total Checkouts Full call number Barcode Date last seen Price effective from Koha item type
    Dewey Decimal Classification   Not For Loan Reference SAU Library SAU Library 06/11/2024   636.085 Uz9 45429 06/11/2024 06/11/2024 MS Level Thesis